Les clubs de fooball en Martinique - Statistiques

Statistiques générales
  • Ce quiz a été pris 26 fois
  • Le résultat moyen est 17 sur 56
Statistiques - réponses
Ville Clubs % Correct
Le François Club Franciscain
80%
Saint-Joseph Golden Lion
60%
Le Lamentin Aiglon
55%
Sainte-Marie Samaritaine
55%
Le Diamant US Diamantinoise
55%
Fort-de-France Club Colonial
50%
Le Vauclin CS Vauclinois
50%
Fort-de-France Golden Star
50%
Saint-Pierre Assaut
45%
Rivière-Salée Eclair
45%
Sainte-Luce Espoir Sainte Luce
45%
Saint-Joseph RC Saint-Joseph
45%
Saint-Esprit Stade Spiritain
45%
Morne-Rouge Club Péléen
40%
Schoelcher Emulation
40%
Fort-de-France Good Luck
40%
Rivière-Salée New Club
40%
Ducos New Star
40%
Le Lamentin SC Lamentin
40%
Le Robert US Robert
40%
Case-Pilote CS Case Pilote
35%
Basse Pointe Etoile
35%
Le François JS Eucalyptus
35%
Rivière-Pilote RC Rivière Pilote
35%
Le Marin Olympique
30%
Précheur Essor Prechotin
30%
Les Trois Ilets Eveil
30%
Sainte-Luce FEP Monésie
30%
Rivière-Pilote Gri-Gri Pilotain
30%
Ajoupa-Bouillon Silver Star
30%
Sainte-Marie AS Morne des Esses
25%
Morne-Vert Effort
25%
Sainte-Anne Inter de Sainte-Anne
25%
La Trinité La Gauloise
25%
Fort-de-France L'Intrépide
25%
Gros-Morne Réveil Sportif
25%
Le Marin US Marinoise
25%
Belle-Fontaine Etendard
20%
Fort-de-France Excelsior
20%
Grand'Rivière US Riveraine
20%
Le Robert AC Vert-Pré
15%
Rivière-Salée ASC Hirondelle
15%
Le Lamentin AS Mon Pito
15%
Fort-de-France CO Trenelle
15%
Le Lamentin CS Belimois
15%
Rivière-Salée FAM
15%
Le Marigot JS Marigot
15%
Le Robert UJ Monerot
15%
Fort-de-France UJ Redoute
15%
Le Lorrain Rapid Club
10%
La Trinité Réal Tartane
10%
Le Robert Solidarité
10%
Les Anses d'Arlets Anses Arlets FC
5%
Sainte-Marie ASCEF
5%
Le Lorrain Oceanic
5%
Fort-de-France RC Bokannal
5%
Aucun quiz correspondant
Distribution des résultats
% des personnes avec chaque résultat
Percentile par nombre de réponses
Votre historique - résultats
Vous n’avez pas pris ce quiz